| 000 | 00441pam a2200157a 44500 | ||
|---|---|---|---|
| 008 | 230515b2010 xxu||||| |||| 00| 0 eng d | ||
| 020 | _a13:978-0-7817-7408-6 | ||
| 041 | _aENGLISH | ||
| 082 | _a610.73 | ||
| 100 | _aROSALINDA ALFARO LE FEVRE | ||
| 245 | _aAPPLYING NURSING PROCESS -A TOOL FOR CRITICAL THINKING | ||
| 250 | _a7 | ||
| 260 |
_a _bLIPPINCOTT WILLIAMS & WILKINS. _c2010 |
||
| 300 | _a0277 | ||
| 650 | _aNURSING ADMINISTRATION | ||
| 999 |
_c505802 _d505802 |
||